Latin Quiz 8 - Statistics

General Stats
  • This quiz has been taken 6 times
  • The average score is 6 of 15
Answer Stats
Hint Answer % Correct
Civis Citizen
75%
Cras tomorrow
75%
De down from
50%
Culpa fault
50%
Diu For a long time
50%
Domina mistress
50%
Custodio to guard
50%
Cuncti All
25%
Etiam Also
25%
Cisium light two wheeled carriage
25%
Commotus Moved
25%
Fatuus Stupid
25%
Cesso to be idle
25%
Extraho to drag out
25%
Ferio to hit
25%
No matching quizzes found
Score Distribution
Percent of People with Each Score
Percentile by Number Answered
Your Score History
You have not taken this quiz